00935pam a2200277 a 45000010008000000030004000080050017000120080041000290100017000700200032000870380012001190400018001310500024001490820019001731000028001922450096002202600041003163000035003575040051003925630007004436500033004509060045004839420012005289990017005409520100005571181664OSt20211124161101.0970723s1998 maua b 001 0 eng  a 97030865  a0070119449 (acidfree paper) akhadija aDLCcDLCdDLC00aHF5549b.C2975 200900a658.3221bCAS1 aCascio, Wayne F.98506110aManaging human resources :bproductivity, quality of work life, profits /cWayne F. Cascio. aBoston :bIrwin McGraw-Hill,cc2009. axxxi, 720 p. :bill. ;c27 cm. aIncludes bibliographical references and index. aPB 0aPersonnel management.985062 a7bcbccorignewd1eocipf19gy-gencatlg 2ddccBK c32612d32612 00102ddc4070aSMMEbSMMEcGENd2015-10-07o658.3 CASpSMME-1429r2018-03-28w2015-10-07yBK